000 00648nas a2200205 4500
001 BR8701945
003 BR-BrBNA
005 20231205090628.0
007 ta
008 230509b bl.|||p| |||| 00| 00por d
040 _aBR-BrBNA
_bpor
_cBiblioteca Nacional de Agricultura
041 _a(Pt)
072 _aE11
100 1 _aContini, E.
245 1 _aReforma agraria: PNRA, realidade ou utopia? [Plano Nacional de Reforma Agraria]
650 _aREFORMA AGRARIA
773 0 _tRevista de Economia Rural (Brazil)
_xISSN 0100-4905
_g(Oct-Dec 1985), v. 23(4) p. 503-514
_wBR8701945
909 _a202311
_bLúcia
_c55
_dLúcia Elande
942 _2AGRIS
_n0
_cANA
999 _c119886
_d119886